00641nam a2200169 a 450000100100000000500170001000800410002702000180006804000250008608200200011110000220013124500830015326001020023630000270033850400520036565000540041700000334920200929150424.0090708s2009 dr a 000 0 spa d a9789993425779 aDO-SdBNPbspacBNPHU a616.01078bE77L1 aEspinal, Georgina10aLaboratorio de microbiología I :bmanual de prácticas /cGeorgina Espinal. aSanto Domingo :bInstituto Tecnológico de Santo Domingo. Área de Ciencias de la Salud,c2009. a66 p. :bil. ;c28 cm. aIncluye referencias bibliográficas (p. 65-66) 4aMicrobiología médicavMANUALES DE LABORATORIO